Normal view
MARC view
- Nietzsche, Friedrich Wilhelm,
Entry Personal Name
001 - CONTROL NUMBER
- control field: 1983
003 - CONTROL NUMBER IDENTIFIER
- control field: NUST
005 - DATE AND TIME OF LATEST TRANSACTION
- control field: 20170606090320.0
008 - FIXED-LENGTH DATA ELEMENTS
- fixed length control field: 170606|| aca||aabn | a|a d
040 ## - CATALOGING SOURCE
- Original cataloging agency: NUST
- Transcribing agency: NUST
100 ## - HEADING--PERSONAL NAME
- Personal name: Nietzsche, Friedrich Wilhelm,
- Dates associated with a name: 1844-1900.
670 ## - SOURCE DATA FOUND
- Source citation: Work cat.: (NUST)0: Nietzsche, Friedrich Wilhelm, 1844-1900., Thus spoke Zarathustra;, 1961
